00465nam a22001577a 450000500170000001000150001702000110003203500140004303700130005708200080007010000170007824500480009526000650014327000790020830000200028720240206151501.0 aENG-139132 c140.00 aEN-122664 bDBAD/PUB a230 aSAI,VASANTHA aPrinciple of becoming God/cBy Vasantha Sai aTAMIL NADUbSRI VASANTHASAI BOOKS & PUBLICATIONS TRUSTc2007 bTAMIL NADUaMUKTHI NILAYAM ,Royapalayam Village B.O. ThirUmangalame625706 a157p.c22cm(pb)